[Event "Medellin Sub zt 2.3.2"]
[Site "Medellin"]
[Date "2025.04.16"]
[Round "5"]
[White "Cordoba Roa, Angel Gabriel"]
[Black "Gallego, Julian Andres"]
[Result "1-0"]
[WhiteElo "2360"]
[BlackElo "2189"]
[PlyCount "57"]
[EventDate "2025.04.14"]
[EventType "swiss"]
[EventRounds "9"]
[EventCountry "COL"]
[SourceTitle "CB18_2025"]
[SourceDate "2025.04.30"]
[SourceVersion "1"]
[SourceVersionDate "2025.04.30"]
[SourceQuality "1"]

1. e4 c6 2. d4 d5 3. e5 c5 4. Nf3 Nc6 5. dxc5 e6 6. Bd3 Bxc5 7. a3 f6 8. b4 Be7 9. Bb2 Nh6 10. Nbd2 Nf7 11. exf6 Bxf6 12. Bxf6 Qxf6 13. c4 0-0 14. 0-0 dxc4 15. Bxc4 e5 16. Ne4 Qg6 17. Neg5 Bg4 18. Nxf7 Rxf7 19. Qd5 Bxf3 20. Qxf3 Raf8 21. Bxf7+ Rxf7 22. Qd5 Nd4 23. Kh1 h6 24. Qxe5 Nc2 25. Rac1 Nxa3 26. Qe3 Qa6 27. Rc8+ Kh7 28. Ra1 b5 29. Qe4+ 1-0

[Event "Medellin Sub zt 2.3.2"]
[Site "Medellin"]
[Date "2025.04.16"]
[Round "4"]
[White "Gallego, Julian Andres"]
[Black "Pena Duran, Dilson Alejandro"]
[Result "1-0"]
[WhiteElo "2189"]
[BlackElo "2252"]
[PlyCount "85"]
[EventDate "2025.04.14"]
[EventType "swiss"]
[EventRounds "9"]
[EventCountry "COL"]
[SourceTitle "CB18_2025"]
[SourceDate "2025.04.30"]
[SourceVersion "1"]
[SourceVersionDate "2025.04.30"]
[SourceQuality "1"]

1. e4 c5 2. Nf3 Nc6 3. b3 e5 4. Bb5 Bd6 5. Bb2 Nge7 6. Na3 Bc7 7. Bxc6 Nxc6 8. Nc4 0-0 9. Ne3 d6 10. g4 Ne7 11. Qe2 d5 12. exd5 Nxd5 13. 0-0-0 Nf4 14. Qc4 Be6 15. Qe4 f6 16. g5 Bd5 17. Nxd5 Qxd5 18. Qxd5+ Nxd5 19. gxf6 Rxf6 20. Nxe5 Bxe5 21. Bxe5 Rxf2 22. Rdg1 g6 23. h4 Rf5 24. Bd6 Nf6 25. d3 Rd8 26. Bg3 Nh5 27. Be1 b5 28. Rg4 Re8 29. Kd1 Nf6 30. Rg5 Nd5 31. Bd2 Rxg5 32. hxg5 b4 33. Rh4 Ne3+ 34. Kc1 Nf5 35. Rc4 Re5 36. Bf4 Rd5 37. Bb8 Ng7 38. d4 cxd4 39. Bxa7 Ne6 40. Rxb4 Nxg5 41. Bxd4 Nf3 42. Bb6 h5 43. a4 1-0

[Event "Medellin Sub zt 2.3.2"]
[Site "Medellin"]
[Date "2025.04.15"]
[Round "3"]
[White "Buitrago Grajales, Juan Carlos"]
[Black "Gallego, Julian Andres"]
[Result "0-1"]
[WhiteElo "1929"]
[BlackElo "2189"]
[PlyCount "68"]
[EventDate "2025.04.14"]
[EventType "swiss"]
[EventRounds "9"]
[EventCountry "COL"]
[SourceTitle "CB18_2025"]
[SourceDate "2025.04.30"]
[SourceVersion "1"]
[SourceVersionDate "2025.04.30"]
[SourceQuality "1"]

1. d4 Nf6 2. c4 e5 3. dxe5 Ng4 4. Bf4 g5 5. Bg3 Bg7 6. Nf3 Nc6 7. Nc3 Ngxe5 8. Nxe5 Nxe5 9. e3 d6 10. Be2 Be6 11. Qa4+ Qd7 12. Qa5 h6 13. Nd5 b6 14. Qa6 0-0 15. h4 b5 16. hxg5 hxg5 17. e4 Nxc4 18. Bxc4 bxc4 19. Qxc4 Rfe8 20. Qd3 Bxd5 21. Qxd5 Rxe4+ 22. Kf1 Rae8 23. Qxg5 Qe7 24. Qxe7 R8xe7 25. f3 Re2 26. Re1 Rxe1+ 27. Bxe1 Bxb2 28. Rh4 c5 29. Rh5 Kf8 30. Rd5 Re6 31. f4 Ke7 32. f5 Re4 33. Bg3 Be5 34. Bf2 Kf6 0-1

[Event "Manizales op 30th"]
[Site "Manizales"]
[Date "2025.01.10"]
[Round "5"]
[White "Salazar Grisales, Juan Jose"]
[Black "Gallego, Julian Andres"]
[Result "0-1"]
[WhiteElo "2016"]
[BlackElo "2189"]
[PlyCount "52"]
[EventDate "2025.01.08"]
[EventType "tourn"]
[EventRounds "7"]
[EventCountry "COL"]
[SourceTitle "CB03_2025"]
[SourceDate "2025.01.15"]
[SourceVersion "1"]
[SourceVersionDate "2025.01.15"]
[SourceQuality "1"]

1. e4 d5 2. exd5 Nf6 3. d4 Nxd5 4. Bd3 g6 5. c3 Bg7 6. Bg5 h6 7. Bd2 c5 8. Ne2 cxd4 9. Nxd4 e5 10. Ne2 0-0 11. 0-0 Nc6 12. Bc4 Nb6 13. Bb3 Na5 14. Be3 Qc7 15. Na3 Nxb3 16. axb3 Qc6 17. Qc1 Kh7 18. c4 Be6 19. Nb5 a6 20. Nbc3 Nd7 21. Rd1 Nc5 22. Ra3 Rfd8 23. Nd5 Ne4 24. Ra5 b5 25. Nb4 Qb7 26. Rxd8 Rxd8 0-1

[Event "Manizales op 30th"]
[Site "Manizales"]
[Date "2025.01.09"]
[Round "2"]
[White "Gallego, Julian Andres"]
[Black "Jaramillo Castrillon, Carlos Orlando"]
[Result "1-0"]
[WhiteElo "2189"]
[BlackElo "1870"]
[PlyCount "111"]
[EventDate "2025.01.08"]
[EventType "tourn"]
[EventRounds "7"]
[EventCountry "COL"]
[SourceTitle "CB03_2025"]
[SourceDate "2025.01.15"]
[SourceVersion "1"]
[SourceVersionDate "2025.01.15"]
[SourceQuality "1"]

1. e4 c5 2. Nf3 e6 3. b3 Nc6 4. Bb2 d6 5. Bb5 Bd7 6. 0-0 Nf6 7. Re1 e5 8. Bxc6 Bxc6 9. d3 Be7 10. Nbd2 0-0 11. Nf1 Re8 12. a4 b6 13. h3 Bf8 14. Qd2 h6 15. g4 Nh7 16. Ng3 Ng5 17. Nxg5 Qxg5 18. Qe2 g6 19. Kh2 Kh7 20. Rg1 Bg7 21. Raf1 Rad8 22. Bc1 Qe7 23. c4 Bd7 24. Rg2 g5 25. Nf5 Bxf5 26. gxf5 Bf6 27. Qh5 Rg8 28. h4 Rg7 29. Rfg1 Rdg8 30. Rh1 Rh8 31. hxg5 Bxg5 32. Bxg5 Rxg5 33. Rxg5 Qxg5 34. Qxf7+ Qg7 35. Qxg7+ Kxg7 36. Rg1+ Kf6 37. Rg6+ Ke7 38. Rg7+ Kf6 39. Rxa7 Kg5 40. Kg3 Rg8 41. Rd7 h5 42. Rh7 Kf6+ 43. Kh4 Rg2 44. Rh6+ Ke7 45. Rxh5 Rxf2 46. Rh7+ Kf6 47. Rd7 Rh2+ 48. Kg3 Rd2 49. Rxd6+ Ke7 50. Rd5 Kf6 51. Kf3 Kg5 52. Rd6 b5 53. axb5 Rb2 54. Rg6+ Kh5 55. Re6 Rxb3 56. Ke3 1-0

[Event "Pereira op"]
[Site "Pereira"]
[Date "2024.07.18"]
[Round "4"]
[White "Garcia, Andres Felipe"]
[Black "Gallego, Julian Andres"]
[Result "0-1"]
[WhiteElo "1832"]
[BlackElo "2185"]
[PlyCount "88"]
[EventDate "2024.07.17"]
[EventType "swiss"]
[EventRounds "10"]
[EventCountry "COL"]
[SourceTitle "EXT 2025"]
[Source "ChessBase"]
[SourceDate "2024.10.14"]
[SourceVersion "1"]
[SourceVersionDate "2024.10.14"]
[SourceQuality "1"]

1. e4 c6 2. d4 d5 3. e5 c5 4. dxc5 Nc6 5. a3 Nxe5 6. b4 Nf6 7. Nd2 Ng6 8. Ngf3 e6 9. Bb2 Be7 10. Bd3 Bd7 11. 0-0 Nf4 12. Re1 b6 13. cxb6 Nxd3 14. cxd3 Qxb6 15. Rc1 a5 16. Bd4 Qb5 17. Bc5 Qxd3 18. Ne5 Qb5 19. Bxe7 Kxe7 20. Nb3 axb4 21. Nd4 Qa4 22. Qxa4 Rxa4 23. axb4 Rc8 24. Rxc8 Bxc8 25. h3 Bd7 26. Rc1 Ne8 27. Ndc6+ Bxc6 28. Nxc6+ Kd6 29. b5 Rc4 30. Rb1 Nc7 31. Na5 Rc2 32. b6 Na6 33. Nb3 e5 34. Ra1 Rb2 35. Rxa6 Rxb3 36. Ra7 Rb1+ 37. Kh2 Rxb6 38. Rxf7 d4 39. Kg3 Rb3+ 40. f3 g5 41. Kf2 Rb2+ 42. Kf1 h6 43. Rf6+ Kd5 44. Rxh6 d3 0-1

[Event "Pereira Grajales Memorial"]
[Site "Pereira"]
[Date "2024.06.09"]
[Round "4"]
[White "Ocampo Bueno, Cristian"]
[Black "Gallego, Julian Andres"]
[Result "0-1"]
[WhiteElo "1798"]
[BlackElo "2179"]
[PlyCount "68"]
[EventDate "2024.06.07"]
[EventType "swiss"]
[EventRounds "7"]
[EventCountry "COL"]
[SourceTitle "CBM 220 Extra"]
[Source "ChessBase"]
[SourceDate "2024.07.31"]
[SourceVersion "1"]
[SourceVersionDate "2024.07.31"]
[SourceQuality "1"]

1. d4 Nf6 2. Nf3 e6 3. e3 c5 4. Bd3 Nc6 5. b3 b5 6. Nbd2 Rb8 7. Bb2 c4 8. Be2 d5 9. 0-0 Qc7 10. a3 Bd6 11. Re1 Ne7 12. c3 Bd7 13. Qc2 Bc6 14. Nf1 Ne4 15. N3d2 f5 16. Nxe4 fxe4 17. Bg4 Nf5 18. Bxf5 exf5 19. f4 exf3 20. gxf3 0-0 21. Re2 Be8 22. f4 Bh5 23. Rf2 Rbe8 24. Ng3 Bg4 25. Bc1 g5 26. Kg2 gxf4 27. exf4 h5 28. h3 h4 29. hxg4 hxg3 30. Kxg3 Re4 31. g5 Qh7 32. Rh2 Qe7 33. Kf3 cxb3 34. Qxb3 Rxf4+ 0-1

[Event "American Continental Rapid 18th"]
[Site "Medellin"]
[Date "2024.06.01"]
[Round "7"]
[White "Gallego, Julian Andres"]
[Black "Iral Castro, Brahiam"]
[Result "1/2-1/2"]
[WhiteElo "2179"]
[BlackElo "1914"]
[PlyCount "133"]
[EventDate "2024.06.01"]
[EventType "swiss (rapid)"]
[EventRounds "9"]
[EventCountry "COL"]
[SourceTitle "CBM 220 Extra"]
[Source "ChessBase"]
[SourceDate "2024.07.31"]
[SourceVersion "1"]
[SourceVersionDate "2024.07.31"]
[SourceQuality "1"]

1. b3 Nf6 2. Bb2 d5 3. g3 b6 4. Bg2 Bb7 5. d3 Nbd7 6. Nd2 g6 7. Nh3 Bg7 8. 0-0 0-0 9. f4 Ng4 10. Bxg7 Kxg7 11. Qc1 Ne3 12. Qb2+ Nf6 13. Rf2 Nxg2 14. Kxg2 d4+ 15. Kg1 Ng4 16. Nf3 c5 17. c3 Nxf2 18. Kxf2 Bxf3 19. Kxf3 dxc3 20. Qxc3+ Qd4 21. Qe1 e5 22. Rc1 exf4 23. gxf4 Rfe8 24. Qd2 Rad8 25. Rc4 Qd5+ 26. Kf2 Qh5 27. Ng1 Qxh2+ 28. Kf1 Qh1 29. f5 Rd5 30. Qc3+ Kg8 31. e4 Rd6 32. e5 Rd5 33. Re4 gxf5 34. Re3 Re6 35. Rh3 Rxd3 36. Qxd3 Qe4 37. Qxe4 fxe4 38. Rh5 f6 39. exf6 Rxf6+ 40. Ke2 Re6 41. Ke3 Kg7 42. Ne2 Rd6 43. Nf4 Rd1 44. Kxe4 Rd2 45. a4 Rd4+ 46. Ke5 Rb4 47. Rh3 c4 48. Ne6+ Kg6 49. Rg3+ Kh5 50. Ng7+ Kh4 51. Nf5+ Kh5 52. Kf6 h6 53. Rh3+ Kg4 54. Rh4+ Kf3 55. Rxc4 Rxc4 56. bxc4 Ke4 57. Ke6 h5 58. a5 h4 59. Nxh4 Kd4 60. a6 Kxc4 61. Nf5 Kb5 62. Kd5 Kxa6 63. Kc4 Ka5 64. Nd6 a6 65. Nb7+ Ka4 66. Nc5+ bxc5 67. Kxc5 1/2-1/2

[Event "American Continental Rapid 18th"]
[Site "Medellin"]
[Date "2024.06.01"]
[Round "8"]
[White "Giraldo, Marco"]
[Black "Gallego, Julian Andres"]
[Result "0-1"]
[WhiteElo "1855"]
[BlackElo "2179"]
[PlyCount "50"]
[EventDate "2024.06.01"]
[EventType "swiss (rapid)"]
[EventRounds "9"]
[EventCountry "COL"]
[SourceTitle "CBM 220 Extra"]
[Source "ChessBase"]
[SourceDate "2024.07.31"]
[SourceVersion "1"]
[SourceVersionDate "2024.07.31"]
[SourceQuality "1"]

1. e4 c5 2. Nf3 a6 3. c4 e6 4. d4 cxd4 5. Nxd4 Nf6 6. Nc3 Bb4 7. f3 d5 8. Qa4+ Nc6 9. Nxc6 Bxc3+ 10. bxc3 Qd7 11. exd5 exd5 12. cxd5 bxc6 13. dxc6 Qe6+ 14. Kf2 0-0 15. Bc4 Qf5 16. Bf4 Ne4+ 17. fxe4 Qxf4+ 18. Kg1 Qe3+ 19. Kf1 Be6 20. Re1 Qxc3 21. Bd5 Rab8 22. Re2 Rb1+ 23. Kf2 Rxh1 24. Qxa6 Qf6+ 25. Ke3 Bxd5 0-1

[Event "American Continental Rapid 18th"]
[Site "Medellin"]
[Date "2024.06.01"]
[Round "6"]
[White "Sepulveda Tuberquia, Ferney"]
[Black "Gallego, Julian Andres"]
[Result "1-0"]
[WhiteElo "2025"]
[BlackElo "2179"]
[PlyCount "69"]
[EventDate "2024.06.01"]
[EventType "swiss (rapid)"]
[EventRounds "9"]
[EventCountry "COL"]
[SourceTitle "CBM 220 Extra"]
[Source "ChessBase"]
[SourceDate "2024.07.31"]
[SourceVersion "1"]
[SourceVersionDate "2024.07.31"]
[SourceQuality "1"]

1. d4 Nf6 2. Nf3 e6 3. c4 b6 4. Nc3 Bb4 5. Qb3 Qe7 6. a3 Bxc3+ 7. Qxc3 d5 8. Bg5 Bb7 9. Bxf6 gxf6 10. cxd5 Bxd5 11. Rc1 c6 12. Nd2 f5 13. f3 f4 14. g3 f5 15. e4 fxe3 16. Qxe3 Nd7 17. Ba6 Nf6 18. 0-0 0-0 19. Nc4 b5 20. Ne5 Qc7 21. a4 Qb6 22. axb5 cxb5 23. Ra1 Rad8 24. Rfc1 Ba8 25. Rc5 Rd5 26. Qg5+ Kh8 27. Qh6 Kg8 28. Qg5+ Kh8 29. Qh6 Rdd8 30. Ng6+ Kg8 31. Nxf8 Rxd4 32. Nxe6 Qxe6 33. Rc8+ Kf7 34. Rf8+ Ke7 35. Qg7+ 1-0

[Event "American Continental Blitz 18th"]
[Site "Medellin"]
[Date "2024.05.29"]
[Round "5"]
[White "Gallego, Julian Andres"]
[Black "Cahuapaza Tarapaca, Leonardo"]
[Result "1/2-1/2"]
[WhiteElo "2179"]
[BlackElo "2227"]
[PlyCount "126"]
[EventDate "2024.05.29"]
[EventType "swiss (blitz)"]
[EventRounds "9"]
[EventCountry "COL"]
[SourceTitle "CBM 220 Extra"]
[Source "ChessBase"]
[SourceDate "2024.07.31"]
[SourceVersion "1"]
[SourceVersionDate "2024.07.31"]
[SourceQuality "1"]

1. Nf3 d5 2. g3 Nf6 3. Bg2 Bf5 4. 0-0 h6 5. d3 e6 6. Nbd2 Be7 7. c4 c6 8. b3 0-0 9. Bb2 a5 10. a4 Nbd7 11. Re1 Bh7 12. Ra2 Qb6 13. Qa1 Bc5 14. d4 Bb4 15. c5 Qa6 16. Bf1 b6 17. e4 Qb7 18. exd5 cxd5 19. cxb6 Qxb6 20. Bc3 Rfc8 21. Rc1 Bxc3 22. Rxc3 Qb4 23. Rxc8+ Rxc8 24. h3 Rc7 25. Qd1 Ne4 26. Nxe4 Bxe4 27. Ne1 Nf6 28. f3 Bg6 29. Kf2 Rc3 30. Rb2 Rc7 31. Qd2 Rc3 32. Qd1 h5 33. h4 Bf5 34. Be2 Nd7 35. Ng2 f6 36. Nf4 Nb6 37. Bb5 Nc4 38. Bxc4 dxc4 39. d5 cxb3 40. d6 Rc2+ 41. Ne2 e5 42. d7 Bxd7 43. Rxc2 bxc2 44. Qxd7 Qc5+ 45. Kg2 c1Q 46. Qe8+ Kh7 47. Qxh5+ Kg8 48. Qe8+ Kh7 49. Nxc1 Qxc1 50. Qh5+ Kg8 51. Qe8+ Kh7 52. h5 Qc2+ 53. Kh3 Qf5+ 54. Kg2 Qc2+ 55. Kg1 Qd1+ 56. Kg2 Qc2+ 57. Kh3 Qf5+ 58. Kg2 Qc2+ 59. Kf1 Qd1+ 60. Kf2 Qd2+ 61. Kg1 Qc1+ 62. Kh2 Qc2+ 63. Kh3 Qf5+ 1/2-1/2

[Event "American Continental Blitz 18th"]
[Site "Medellin"]
[Date "2024.05.29"]
[Round "7"]
[White "Gallego, Julian Andres"]
[Black "Rodriguez Santiago, Jaime"]
[Result "1-0"]
[WhiteElo "2179"]
[BlackElo "2042"]
[PlyCount "87"]
[EventDate "2024.05.29"]
[EventType "swiss (blitz)"]
[EventRounds "9"]
[EventCountry "COL"]
[SourceTitle "CBM 220 Extra"]
[Source "ChessBase"]
[SourceDate "2024.07.31"]
[SourceVersion "1"]
[SourceVersionDate "2024.07.31"]
[SourceQuality "1"]

1. Nf3 Nf6 2. g3 d5 3. Bg2 c5 4. 0-0 Nc6 5. b3 e5 6. Bb2 Bd6 7. d3 0-0 8. Nbd2 Re8 9. e4 d4 10. h3 Bc7 11. Nh2 Bd7 12. f4 exf4 13. gxf4 g6 14. e5 Nh5 15. Ne4 Bf5 16. Nxc5 Qc8 17. Ng4 Bb6 18. Nxb7 Qxb7 19. Nh6+ Kh8 20. Nxf5 gxf5 21. Qxh5 Rg8 22. Rf2 Rg6 23. Kh1 Rag8 24. Bf3 Qc7 25. Qxf5 Nb4 26. a3 Na6 27. b4 Nb8 28. a4 Qe7 29. Ba3 Qh4 30. Rg2 Rg3 31. Rxg3 Rxg3 32. Bg2 Bd8 33. b5 Rg8 34. Bd6 Qg3 35. Qe4 Nd7 36. Qf3 Qh4 37. Rf1 Nb6 38. a5 Na4 39. b6 axb6 40. a6 Nc3 41. a7 Rg3 42. a8Q Rxf3 43. Qxf3 b5 44. Qg4 1-0

[Event "American Continental Blitz 18th"]
[Site "Medellin"]
[Date "2024.05.29"]
[Round "3"]
[White "Loaiza Cuervo, Santiago"]
[Black "Gallego, Julian Andres"]
[Result "1-0"]
[WhiteElo "1961"]
[BlackElo "2179"]
[PlyCount "57"]
[EventDate "2024.05.29"]
[EventType "swiss (blitz)"]
[EventRounds "9"]
[EventCountry "COL"]
[SourceTitle "CBM 220 Extra"]
[Source "ChessBase"]
[SourceDate "2024.07.31"]
[SourceVersion "1"]
[SourceVersionDate "2024.07.31"]
[SourceQuality "1"]

1. e4 c5 2. Nf3 a6 3. c3 d5 4. exd5 Qxd5 5. d4 Nf6 6. Be3 cxd4 7. cxd4 e6 8. Nc3 Qd6 9. Be2 Be7 10. 0-0 Nbd7 11. Qd2 Nb6 12. Bf4 Qd8 13. Be5 0-0 14. Rac1 Nbd5 15. Bd3 Re8 16. Ng5 g6 17. h4 Ng4 18. Nce4 Nxe5 19. dxe5 Nb4 20. Rfd1 Nxa2 21. Nxf7 Kxf7 22. Qh6 Kg8 23. Bc4 Nxc1 24. Rxd8 Rxd8 25. Nf6+ Bxf6 26. exf6 Ne2+ 27. Kh2 Rd7 28. Bxe6+ Rf7 29. Qg7# 1-0

[Event "American Continental 18th"]
[Site "Medellin"]
[Date "2024.05.28"]
[Round "7"]
[White "Simancas Maradei, Miguel Alejandro"]
[Black "Gallego, Julian Andres"]
[Result "1-0"]
[WhiteElo "2006"]
[BlackElo "2179"]
[PlyCount "109"]
[EventDate "2024.05.24"]
[EventType "swiss"]
[EventRounds "11"]
[EventCountry "COL"]
[SourceTitle "CBM 220 Extra"]
[Source "ChessBase"]
[SourceDate "2024.07.31"]
[SourceVersion "1"]
[SourceVersionDate "2024.07.31"]
[SourceQuality "1"]

1. c4 e5 2. Nc3 d6 3. g3 Nc6 4. Bg2 g6 5. e3 Bg7 6. Nge2 f5 7. 0-0 Nf6 8. Rb1 a5 9. d4 0-0 10. a3 Ne7 11. b4 axb4 12. axb4 Be6 13. d5 Bf7 14. Qb3 c6 15. Rd1 cxd5 16. cxd5 Qb6 17. Bb2 g5 18. Ra1 Bh5 19. Rxa8 Rxa8 20. Rd2 Bh6 21. Na4 Qa6 22. Nac3 b5 23. Nc1 f4 24. Ne4 Nxe4 25. Bxe4 Qb6 26. exf4 gxf4 27. Rc2 Rf8 28. Qd3 fxg3 29. hxg3 Kh8 30. Nb3 Ng6 31. Nd4 Rg8 32. Rc6 Qd8 33. Nf5 Bf8 34. Qxb5 Nh4 35. Qb6 Qg5 36. Nxh4 Qxh4 37. Bg2 Qf6 38. Rc8 Bg4 39. Ra8 h5 40. f4 Qf5 41. Qf2 h4 42. fxe5 Qb1+ 43. Bf1 Bg7 44. Rxg8+ Kxg8 45. gxh4 dxe5 46. Qg2 Qf5 47. d6 Bf3 48. Qg5 Qxg5+ 49. hxg5 Kf8 50. Kf2 Bg4 51. Kg3 Be6 52. Bh3 Bc4 53. Bd7 Kf7 54. b5 Bf8 55. Bxe5 1-0

[Event "COL-ch sf"]
[Site "Pereira"]
[Date "2024.03.31"]
[Round "10"]
[White "Gallego, Julian Andres"]
[Black "Garcia Diaz, Juan Manuel"]
[Result "1-0"]
[WhiteElo "2217"]
[BlackElo "1882"]
[PlyCount "71"]
[EventDate "2024.03.26"]
[EventType "swiss"]
[EventRounds "11"]
[EventCountry "COL"]
[SourceTitle "CBM 219 Extra"]
[Source "ChessBase"]
[SourceDate "2024.05.31"]
[SourceVersion "1"]
[SourceVersionDate "2024.05.31"]
[SourceQuality "1"]

1. d4 g6 2. Bg5 Bg7 3. e4 c5 4. Nf3 cxd4 5. c3 dxc3 6. Nxc3 Nc6 7. Bc4 d6 8. h3 Ne5 9. Nxe5 Bxe5 10. Qb3 Be6 11. Qa4+ Bd7 12. Qb3 Be6 13. Bxe6 fxe6 14. Qxe6 Qc8 15. Qb3 Bxc3+ 16. bxc3 Qc6 17. 0-0 Rc8 18. Rae1 b5 19. e5 d5 20. Re3 h6 21. Bh4 Qc4 22. Qb1 Qxh4 23. Qxg6+ Kd7 24. Qg7 Nf6 25. exf6 Qxf6 26. Qg4+ e6 27. Rd1 Rc5 28. Rde1 Re8 29. Qb4 Rec8 30. Qa5 R8c7 31. Qa6 R5c6 32. Qxb5 Kc8 33. Qe2 Kb7 34. a4 a6 35. a5 Rxc3 36. Rxe6 1-0

[Event "COL-ch sf"]
[Site "Pereira"]
[Date "2024.03.28"]
[Round "5"]
[White "Gallego, Julian Andres"]
[Black "Buitrago Grajales, Juan Carlos"]
[Result "1-0"]
[WhiteElo "2217"]
[BlackElo "1930"]
[PlyCount "43"]
[EventDate "2024.03.26"]
[EventType "swiss"]
[EventRounds "11"]
[EventCountry "COL"]
[SourceTitle "CBM 219 Extra"]
[Source "ChessBase"]
[SourceDate "2024.05.31"]
[SourceVersion "1"]
[SourceVersionDate "2024.05.31"]
[SourceQuality "1"]

1. d4 d5 2. c4 e6 3. Nf3 Nf6 4. Bg5 Be7 5. Qc2 0-0 6. Nc3 h6 7. h4 c5 8. dxc5 Nc6 9. 0-0-0 Qa5 10. cxd5 Nb4 11. Qa4 Qxa4 12. Nxa4 hxg5 13. d6 Bd8 14. hxg5 Nd7 15. Rd4 Nc6 16. Rdh4 f5 17. e4 Nde5 18. Rh8+ Kf7 19. Nxe5+ Nxe5 20. Rxf8+ Kxf8 21. Rh8+ Kf7 22. Rxd8 1-0

[Event "COL-ch sf"]
[Site "Pereira"]
[Date "2024.03.26"]
[Round "2"]
[White "Perez Arroyave, Damian"]
[Black "Gallego, Julian Andres"]
[Result "0-1"]
[WhiteElo "1861"]
[BlackElo "2217"]
[PlyCount "57"]
[EventDate "2024.03.26"]
[EventType "swiss"]
[EventRounds "11"]
[EventCountry "COL"]
[SourceTitle "CBM 219 Extra"]
[Source "ChessBase"]
[SourceDate "2024.05.31"]
[SourceVersion "1"]
[SourceVersionDate "2024.05.31"]
[SourceQuality "1"]

1. e4 c5 2. a3 e6 3. b4 cxb4 4. axb4 Bxb4 5. c3 Be7 6. d4 d6 7. Bd3 Nf6 8. f4 d5 9. e5 Ne4 10. Bxe4 dxe4 11. Nd2 Bd7 12. Qg4 0-0 13. Ne2 f5 14. exf6 Rxf6 15. Nxe4 Rg6 16. Qf3 Bc6 17. 0-0 Nd7 18. N2g3 Nf6 19. Nxf6+ Bxf6 20. Qe2 Qd5 21. Re1 h5 22. Qe4 h4 23. Qxd5 Bxd5 24. Ne4 a5 25. Nxf6+ gxf6 26. Re2 Kf7 27. Ba3 Rag8 28. Raa2 Bxa2 29. Rxa2 0-1

[Event "Pereira GP op 2nd"]
[Site "Pereira"]
[Date "2023.10.22"]
[Round "5"]
[White "Gallego, Julian Andres"]
[Black "Londono Lopez, Donaldo Eliuver"]
[Result "0-1"]
[WhiteElo "2205"]
[BlackElo "2071"]
[PlyCount "62"]
[EventDate "2023.10.21"]
[EventType "swiss"]
[EventRounds "6"]
[EventCountry "COL"]
[SourceTitle "CBM 216 Extra"]
[Source "ChessBase"]
[SourceDate "2023.11.30"]
[SourceVersion "1"]
[SourceVersionDate "2023.11.30"]
[SourceQuality "1"]

1. d4 Nf6 2. g3 g6 3. Bg2 d5 4. c4 c6 5. Nc3 Bg7 6. Nf3 0-0 7. 0-0 dxc4 8. Ne5 Ng4 9. Nxg4 Bxg4 10. h3 Be6 11. e3 Na6 12. a3 Qd7 13. Kh2 b5 14. Qe2 h5 15. Rd1 Rab8 16. a4 b4 17. Ne4 Bd5 18. Nd2 c5 19. e4 Bb7 20. d5 c3 21. Nc4 Nc7 22. Qe3 Ba6 23. e5 Bxc4 24. Qxc5 Bb3 25. Bf4 Bxd1 26. Rxd1 Ne6 27. dxe6 Qxd1 28. exf7+ Rxf7 29. Bd5 cxb2 30. Bxf7+ Kxf7 31. Qc4+ Kf8 0-1

[Event "Pereira GP op 2nd"]
[Site "Pereira"]
[Date "2023.10.21"]
[Round "1"]
[White "Gallego, Julian Andres"]
[Black "Jimenez Mendez, William"]
[Result "1-0"]
[WhiteElo "2205"]
[BlackElo "1446"]
[PlyCount "53"]
[EventDate "2023.10.21"]
[EventType "swiss"]
[EventRounds "6"]
[EventCountry "COL"]
[SourceTitle "CBM 216 Extra"]
[Source "ChessBase"]
[SourceDate "2023.11.30"]
[SourceVersion "1"]
[SourceVersionDate "2023.11.30"]
[SourceQuality "1"]

1. d4 Nf6 2. Nf3 d5 3. c4 e6 4. Nc3 Bb4 5. Bg5 0-0 6. e3 c5 7. a3 cxd4 8. axb4 dxc3 9. bxc3 Nbd7 10. cxd5 exd5 11. Bd3 Nb6 12. 0-0 Bd7 13. Nd4 Qe7 14. Ra5 Qe5 15. Bf4 Qh5 16. Qxh5 Nxh5 17. Bc7 Nf6 18. Rfa1 Rac8 19. Bd6 Rfe8 20. Bc5 Ne4 21. Bxe4 dxe4 22. Rxa7 Na4 23. Rxb7 Nxc5 24. bxc5 Bc6 25. Rb6 Bd5 26. c6 Bxc6 27. Rxc6 1-0

[Event "Pereira op"]
[Site "Pereira"]
[Date "2023.09.24"]
[Round "5"]
[White "Gallego, Julian Andres"]
[Black "Montilla Reyes, Jorcerys"]
[Result "1/2-1/2"]
[WhiteElo "2195"]
[BlackElo "2183"]
[PlyCount "31"]
[EventDate "2023.09.23"]
[EventType "swiss"]
[EventRounds "6"]
[EventCountry "COL"]
[SourceTitle "CBM 216 Extra"]
[Source "ChessBase"]
[SourceDate "2023.11.30"]
[SourceVersion "1"]
[SourceVersionDate "2023.11.30"]
[SourceQuality "1"]

1. d4 d5 2. Nf3 c6 3. c4 Nf6 4. Nc3 e6 5. Bg5 h6 6. Bh4 dxc4 7. e3 b5 8. Be2 Be7 9. a4 Nd5 10. Bxe7 Qxe7 11. 0-0 Nxc3 12. bxc3 Nd7 13. Nd2 0-0 14. axb5 cxb5 15. Bf3 Rb8 16. Rxa7 1/2-1/2